000 00783nam a2200265Ia 4500
003 OSt
005 20220925224847.0
006 a|||||r|||| 00| 0
007 ta
008 220923b |||||||| |||| 00| 0 eng d
020 _a0710206674
037 _cGeneral Book
040 _aRTL
_cRTL
_beng
041 _2eng
_aeng
082 _aX9:8N9, L5;M6
100 _aPoole Machael
_9291531
245 0 _aTowars a new industrial democracy
_b Worker's parti
250 _a3rd
260 _aLondon
_bRoutledge and Kegan Paul UK
_c1986
300 _axv, 208p. Bib p 181-199
_ccm.
500 _aPublished previously as Worker's participation in industry
650 _aFinance
942 _hX9:8N9, L5;M6
_cGB
_2CC
999 _c582357
_d582357